| 000 | 00805nam a2200253Ia 4500 | ||
|---|---|---|---|
| 003 | OSt | ||
| 005 | 20221005104538.0 | ||
| 006 | a|||||r|||| 00| 0 | ||
| 007 | ta | ||
| 008 | 221004b |||||||| |||| 00| 0 hin d | ||
| 024 | _a32537 | ||
| 037 | _cTextual | ||
| 040 |
_aCRL _cCRL _bhin |
||
| 041 |
_2hin _ahin |
||
| 082 | _aO15,2D40,11:g, 152M1 | ||
| 100 | _aकालिदास | ||
| 245 | 0 | _aअभिज्ञान शाकुन्तल | |
| 246 | _aAbhijnyān shākuntala | ||
| 260 |
_aदिल्ली _bराजपाल एण्ड सन्ज़ दिल्ली _c1981 |
||
| 300 |
_a112पृ. _ccm. |
||
| 650 | _aहिन्दी नाटक | ||
| 942 |
_hO15,2D40,11:g, 152M1 _cTEXL _2cc |
||
| 999 |
_c1013049 _d1013049 |
||